| 000 | 00434cam a2200181ua 4500 | ||
|---|---|---|---|
| 020 | _c27.00 | ||
| 041 |
_aeng _h |
||
| 082 |
_a531 _bHAN/ME |
||
| 100 | _aHans, H.S . | ||
| 245 |
_aMechanics / _cH.S Hans. _hTextual Documents |
||
| 260 |
_aNew Delhi : _bTata Mc-Graw Hill Publishing Company , _c1984. |
||
| 300 | _a376 ; . | ||
| 365 | _a27.00 | ||
| 504 | _a | ||
| 700 | 1 | _aPuri, S.P . | |
| 942 | _cBK | ||
| 999 |
_c7506 _d7506 |
||